| 000 -LEADER | |
|---|---|
| fixed length control field | 00476nam a22001697a 4500 |
| 005 - DATE AND TIME OF LATEST TRANSACTION | |
| control field | 20210910123322.0 |
| 008 - FIXED-LENGTH DATA ELEMENTS--GENERAL INFORMATION | |
| fixed length control field | 160428b xxu||||| |||| 00| 0 eng d |
| 020 ## - INTERNATIONAL STANDARD BOOK NUMBER | |
| ISBN | 81-7722-334-8 |
| 041 ## - LANGUAGE CODE | |
| Language code of text/sound track or separate title | eng |
| 082 ## - DEWEY DECIMAL CLASSIFICATION NUMBER | |
| Item number | 00604 |
| Classification number | 005.133 |
| 100 ## - MAIN ENTRY--AUTHOR NAME | |
| Personal name | Lichade, Dr.Vishal M. |
| 245 ## - TITLE STATEMENT | |
| Title | Comdex O Level Series Programming and Problem Solving through 'C'Language |
| 260 ## - PUBLICATION, DISTRIBUTION, ETC. (IMPRINT) | |
| Place of publication | New Delhi |
| Name of publisher | Dreamtech, |
| Year of publication | 2003 |
| 300 ## - PHYSICAL DESCRIPTION | |
| Number of Pages | 328 |
| 650 ## - SUBJECT ADDED ENTRY--TOPICAL TERM | |
| Topical Term | Information Technology |
| 942 ## - ADDED ENTRY ELEMENTS (KOHA) | |
| Koha item type | Books |
| Lost status | Damaged status | Collection code | Home library | Current library | Shelving location | Date acquired | Source of acquisition | Cost, normal purchase price | Full call number | Accession Number | Koha item type |
|---|---|---|---|---|---|---|---|---|---|---|---|
| CS/IT | JRU Library | JRU Library | SHELF-50-F | 28/04/2016 | PURCHASE | 149.00 | 005.133 | 00604 | Books | ||
| CS/IT | JRU Library | JRU Library | SHELF-50-F | 28/04/2016 | PURCHASE | 149.00 | 005.133 | 00605 | Books | ||
| JRU Library | SHELF-3-E | 28/04/2016 | 149.00 | 00604 | 00606 | Books | |||||
| CS/IT | JRU Library | JRU Library | SHELF-57-F | 28/04/2016 | 149.00 | 00604 | 00607 | Books | |||
| CS/IT | JRU Library | JRU Library | SHELF-50-F | 28/04/2016 | PURCHASE | 149.00 | 005.133 | 00608 | Books |